Miasta będące siedzibami różnych zakładów w Polsce - Statystyki

Ogólne statystyki
  • Ten quiz został rozwiązany 23 razy
  • Średni wynik to 7 z 17
Statystyki odpowiedzi
Hint Odpowiedź % Poprawnych
Zakłady Azotowe - miasto na T Tarnów
96%
największa rafineria w Polsce - Orlen - koncern naftowy Płock
91%
Zakłady Azotowe - miasto na Pu Puławy
87%
Zakłady Azotowe - miasto na Po Police
78%
Największe polskie przedsiębiorstwo informatyczne Asseco Poland S.A. Rzeszów
74%
Druga największa rafineria w Polsce Gdańsk
52%
Zakłady Azotowe - miasto na K Kędzierzyn-Koźle
48%
Volkswagen Poznań
43%
fabryka samochodów Fiat Bielsko-Biała
39%
Krajowa Spółka Cukrowa Toruń
39%
Największa firma obszaru budownictwa Budimex Warszawa
39%
Zakłady tytoniowe Philip Morris International Inc Kraków
30%
LG Electronics Wrocław Biskupice Podgórne
9%
Największa polska firma rynku ochrony zdrowia Pelion Łódź
9%
Polskie chemiczne przedsiębiorstwo Synthos SA - największy europejski producent jakiejś pianki Oświęcim
4%
Boryszew - zakłady tworzyw sztucznych Sochaczew
4%
Zakłady tytoniowe Imperial Tobacco Polska S.A. Tarnowo Podgórne
4%
Nie znaleziono quizów pasujących do podanych kryteriów
Rozkład punktacji
Procent ludzi z każdym wynikiem
Percentyl według liczby udzielonych odpowiedzi
Twoja historia wyników
Nie rozwiązałeś tego quizu